000 00495pab a2200169 454500
008 180718b2009 xxu||||| |||| 00| 0 eng d
100 _aDeb, Surajit
245 _aPublic distribution of rice in Andhra Pradesh: efficiency and reform options
260 _c2009
300 _ap.70-77.
362 _a19 Dec
650 _aPublic distribution system - India - Andhra Pradesh
650 _aPublic distribution system
773 _aEconomic and Political Weekly
908 _aN
909 _a85181
999 _c85181
_d85181